000 01166cab a22002415a 4500
001 L159052
008 130731e2015 xxk 000 0 eng d
035 _a(Sirsi) u159052
041 0 _aeng
110 1 _aRIBA
245 0 0 _aSpace standards for homes
_h[electronic resource]
260 _bRIBA
_c2015
300 _aPDF 20p.
520 _aLooks into how big (or small) new homes are, following a release of a new housing standard called the 'Nationally Described Space Standard' by government in October 2015 which aimed to improve the quality of new-build housing by ensuring they are built to an adequate size. This report shows that the standard will not solve the problem of inadequate housing because it is voluntary and too complicated for local authorities to introduce.
590 _aKA
650 2 4 _aHOUSING STANDARDS
650 2 4 _aSPACE
650 2 4 _aLOCAL AUTHORITY BUILDING CONTROL
651 4 _aUnited Kingdom
_y
690 _aPlanning and development
_96259
856 4 0 _uhttps://www.architecture.com/RIBA/Campaigns%20and%20issues/Assets/Files/HomewiseReport2015.pdf
_zView the item free of charge at the www.architecture.com
942 _n0
999 _c115649
_d115649